| 000 | 00465nam a2200145Ia 4500 | ||
|---|---|---|---|
| 008 | 220216s9999 xx 000 0 und d | ||
| 100 | _aHai Cheng | ||
| 245 | 0 | _aCloning of Hevea brasiliensis CBF like gene and transferring into tobacco | |
| 260 | _bPreprints of papers: International Natural Rubber Conference, 6-8 November 2005, Cochin, India, p.97-102. | ||
| 650 | _aCloning | ||
| 650 | _aHevea | ||
| 700 | _aHuasun Huang | ||
| 700 | _aZewei An | ||
| 942 | _cJS | ||
| 999 |
_c55787 _d55787 |
||